| Tag |
First Indicator |
Second Indicator |
Subfields |
| LEADER |
00000cam a2200000 4500 |
| 001 |
in00000061078 |
| 005 |
20151008051057.0 |
| 008 |
741115s1957 eng u |
| 010 |
|
|
|a 56011320
|
| 035 |
|
|
|a (OCoLC)01076957
|
| 035 |
|
|
|9 AAG5550AM
|
| 040 |
|
|
|c CSU
|d TXA
|d UtOrBLW
|
| 049 |
|
|
|a TXAM
|c [279561]
|
| 050 |
|
0 |
|a BD241
|b .M3
|
| 082 |
0 |
|
|a 112
|
| 092 |
|
|
|a 112
|b M383o
|
| 100 |
1 |
|
|a Martin, William Oliver.
|
| 245 |
1 |
4 |
|a The order and integration of knowledge /
|c [by] Wm. Oliver Martin.
|
| 264 |
|
1 |
|a Ann Arbor :
|b University of Michigan Press,
|c [1957]
|
| 300 |
|
|
|a viii, 355 pages ;
|c 24 cm.
|
| 336 |
|
|
|a text
|b txt
|2 rdacontent
|
| 337 |
|
|
|a unmediated
|b n
|2 rdamedia
|
| 338 |
|
|
|a volume
|b nc
|2 rdacarrier
|
| 504 |
|
|
|a Bibliographical references included in "notes" (pages 349-355).
|
| 650 |
|
0 |
|a Methodology.
|
| 999 |
|
|
|a MARS
|
| 999 |
f |
f |
|s ace47a80-a7bb-3691-a9db-22e06ac28b60
|i c1ff6d34-1064-3b80-bf42-11e097cb046c
|t 0
|
| 952 |
f |
f |
|p ric
|a Texas A&M University
|b Rellis Campus
|c Joint Library Facility
|d Remote Storage
|t 0
|e BD241 .M3
|h Library of Congress classification
|i unmediated -- volume
|m A14800507067
|
| 998 |
f |
f |
|a BD241 .M3
|t 0
|l Remote Storage
|